| 000 | 02452nas a2200289 i 4500 | ||
|---|---|---|---|
| 001 | 184192 | ||
| 003 | ES-MaACL | ||
| 005 | 20250727024458.0 | ||
| 008 | 150417d1945 sp nym r 0 |spa d | ||
| 022 | _a0210-1491 | ||
| 080 | _a572(05) | ||
| 080 | _a39(05) | ||
| 245 | 0 | 0 |
_aTrabajos del Instituto Bernardino de Sahagún de Antropología y Etnología / _cConsejo Superior de Investigaciones Científicas. |
| 260 |
_aMadrid : _bCSIC, _c1945- |
||
| 300 |
_a2 v. : _bil., gráf. ; _c25 cm. |
||
| 310 | _aIrregular | ||
| 362 | 1 | _av. 1 (1945)-v. 2 (1946) | |
| 362 | 1 | _aCesó con el v. 15. | |
| 505 | 8 | _aContiene: 1. El Dr. González de Velasco y la fundación del Museo Antropológico / Luciano Moreno -- Grupos sanguíneos en nómadas del Sáhara Occidental / Santiago Alcobé -- Sobre un cráneo patagón (contribución al estudio de los restos patagones antiguos) / Mª de las Mercedes González Gimeno -- Cráneos procedentes de un convento de Ampurias (Gerona) / José Pons -- El tamaño de las apófisis mastoides en el diagnóstico sexual de cráneos españoles / Miguel Fusté Ara -- Contribución al estudio antropológico de las anomalías arteriales / O'Dogherty Sánchez -- Avance para el estudio del crecimiento de los niños barceloneses / Antonio Prevosti -- Problemas psicotécnicos de aeronáutica / Jerónimo Pou Díaz | |
| 505 | 8 | _aContiene: 2. Calvarias de época premegalíticas procedentes de Alcubierre (Huesca) / Antonio Prevosti -- Restos humanos neolíticos de Seriñá (Gerona) / Miguel Fusté Ara -- Pelvimetría femenina española / Caridad Robles Mendo -- Antropología de la mujer bereber en Marruecos / Mª de las Mercedes González Gimeno -- Contribución al estudio de los grupos sanguíneos de España / J. Carrión y J. Hernández -- Preparación de los inmunosueros aglutinantes para determinación de los factores hemáticos del sistema M y N / L. Agosti -- Primeros datos estadísticos sobre el sistema factorial M-N en España / L. Agosti -- La diferenciación de las sustancias específicas de los grupos sanguíneos en la saliva / F. Alonso Burón | |
| 650 | 7 |
_aAntropología física _2embne _99893 |
|
| 650 | 7 |
_aAntropología cultural y social _2embne _99867 |
|
| 710 | 2 |
_aInstituto Bernardino de Sahagún de Antropología y Etnología. _94800 |
|
| 710 | 2 |
_aConsejo Superior de Investigaciones Científicas (España) _93236 |
|
| 852 | 4 |
_aES-MaACL _jE-15559-60 |
|
| 999 |
_c184192 _d184192 |
||